000 00506nam a2200181Ia 4500
001 4365
005 20260306145750.0
008 260306t2016||||xx |||||||||||||| ||spa||
041 _aESP
082 _a320.985
_bG14 T. 1
100 _aGálvez Montero, José Francisco
_eAUT
245 0 _aHistoria de la Presidencia del Consejo de Ministros:
_bdemocracia y buen gobierno (1820-1956)
260 _c2016
300 _a390 páginas :
_c35 cm.
650 _aGEN
654 _aCDE
942 _cLIB
_dJUS
_fJUS
_2ddc
_n
999 _c4365
_d4365